| 000 | 004560000a22001690004500 | ||
|---|---|---|---|
| 003 | LK-CoMWRAF | ||
| 008 | 230817t ||||| |||| 00| 0 eng d | ||
| 020 | _a9559102079 | ||
| 040 |
_aLK-CoMWRAF _dLK-CoMWRAF _eLK-CoMWRAF |
||
| 041 | _aeng | ||
| 082 |
_a710 _bJEG |
||
| 245 |
_aUnmaking the nation _bthe politics of identity and history in modern Sri Lanka |
||
| 260 |
_aColombo _bSSA _c1995 |
||
| 300 | _ap.219 | ||
| 650 | _aSri Lanka-history | ||
| 942 | _cBK | ||
| 999 |
_c2506 _d2506 |
||